| 000 | nam a22 7a 4500 | ||
|---|---|---|---|
| 999 |
_c155066 _d155064 |
||
| 005 | 20200831133300.0 | ||
| 008 | 200831b mx ||||| |||| 00| 0 spa d | ||
| 020 | _a9786074865028 (tomo 1) | ||
| 020 | _a9786074865035 (tomo 2) | ||
| 020 | _a9786074865011 (obra completa) | ||
| 050 | 0 | 4 |
_aF1220 _bR49 2018 |
| 100 | 1 | _a Reyes García, Luis | |
| 245 | 1 | 0 |
_aObras escogidas de Luis Reyes García / _cLuis Reyes García ; introducción, Teresa Rojas Rabiela ; presentación, Hildeberto Martínez Martínez |
| 250 | _a1a ed. | ||
| 260 |
_aCiudad de México : _bCentro de Investigaciones y estudios superiores de antropología social, _c2018 |
||
| 300 |
_a2 volúmenes : _bilustraciones, mapas, fotografías |
||
| 490 | 0 | _aPublicaciones de la Casa Chata | |
| 505 | 0 |
_gTomo 1 : _tLos diarios de campo en el municipio de Zongolica, Veracruz, 1961 y 1962 _gTomo 2 : _tArchivos de las Fiscalías de Tlaxcala |
|
| 650 | 7 |
_2lemb _aEtnología _zMéxico |
|
| 700 | 1 |
_aRojas Rabiela, Teresa, _eprologuista |
|
| 700 | 1 |
_aMartínez Martínez, Hildeberto, _epresentación |
|
| 942 |
_2lcc _cLIB |
||